[Event "SVK-ch U12"]
[Site "Tatralandia"]
[Date "2024.04.09"]
[Round "6"]
[White "Macejko, Alexander"]
[Black "Vengrin, Leo"]
[Result "1-0"]
[WhiteElo "1000"]
[BlackElo "1000"]
[PlyCount "87"]
[EventDate "2024.04.05"]
[EventType "swiss"]
[EventRounds "9"]
[EventCountry "SVK"]
[SourceTitle "CB16_2024"]
[SourceDate "2024.04.17"]
[SourceVersion "1"]
[SourceVersionDate "2024.04.17"]
[SourceQuality "1"]

1. e4 e5 2. Bc4 Nc6 3. Nf3 g6 4. d3 Bg7 5. Ng5 Nh6 6. Qf3 Qe7 7. Nc3 Nd4 8. Qd1 0-0 9. Nd5 Qd6 10. c3 c6 11. cxd4 cxd5 12. Bxd5 Qb4+ 13. Qd2 Qxd4 14. h3 d6 15. Nf3 Bd7 16. Nxd4 exd4 17. Bxb7 Rab8 18. Bd5 Be6 19. g4 Kh8 20. g5 Ng8 21. h4 Ne7 22. Bb3 Bxb3 23. axb3 Nc6 24. f4 Rxb3 25. f5 Be5 26. Rf1 Bg3+ 27. Kd1 Ne5 28. Kc2 Rfb8 29. Ra3 R3b4 30. b3 Ng4 31. Rf3 Ne3+ 32. Kb2 Bxh4 33. fxg6 hxg6 34. Rh3 Rc8 35. Rxh4+ Kg7 36. Qxb4 Rc2+ 37. Kb1 Re2 38. Qxd4+ Kf8 39. Bxe3 Re1+ 40. Bc1 f6 41. gxf6 g5 42. Qxa7 gxh4 43. Qe7+ Kg8 44. Qg7# 1-0

[Event "SVK-ch U12"]
[Site "Tatralandia"]
[Date "2024.04.07"]
[Round "4"]
[White "Macejko, Alexander"]
[Black "Viglasky, Viliam"]
[Result "1-0"]
[WhiteElo "1000"]
[BlackElo "1000"]
[PlyCount "55"]
[EventDate "2024.04.05"]
[EventType "swiss"]
[EventRounds "9"]
[EventCountry "SVK"]
[SourceTitle "CB16_2024"]
[SourceDate "2024.04.17"]
[SourceVersion "1"]
[SourceVersionDate "2024.04.17"]
[SourceQuality "1"]

1. e4 e5 2. Nf3 Nc6 3. Bc4 d5 4. exd5 Na5 5. Be2 Qxd5 6. 0-0 e4 7. Ne1 Qg5 8. d3 Bh3 9. Bxg5 exd3 10. gxh3 Nc4 11. Nxd3 Be7 12. Bxe7 Nxe7 13. b3 Nb2 14. Nxb2 Rd8 15. Qe1 0-0 16. Qb4 Ng6 17. Qxb7 Nf4 18. Nc3 Nxh3+ 19. Kh1 Rd2 20. Rac1 c5 21. Nc4 Rdd8 22. Qxa7 Rc8 23. Bg4 Rc6 24. Bxh3 Rh6 25. Bg2 Rc8 26. Nd5 g6 27. Ne7+ Kg7 28. Nxc8 1-0